Introduction to Plant Breeding (Record no. 366149)
[ view plain ]
| 000 -LEADER | |
|---|---|
| fixed length control field | 004610000a22001570004500 |
| 020 ## - INTERNATIONAL STANDARD BOOK NUMBER | |
| International Standard Book Number | 8120401026 |
| 060 ## - NATIONAL LIBRARY OF MEDICINE CALL NUMBER | |
| Classification number | 100 |
| 082 ## - DEWEY DECIMAL CLASSIFICATION NUMBER | |
| Classification number | 631.53 CHA |
| 100 ## - MAIN ENTRY--PERSONAL NAME | |
| Personal name | Chaudhary, R.C. |
| 245 ## - TITLE STATEMENT | |
| Title | Introduction to Plant Breeding |
| 260 ## - PUBLICATION, DISTRIBUTION, ETC. (IMPRINT) | |
| Place of publication, distribution, etc. | New Delhi, Oxford & IBH publishing company |
| 260 ## - PUBLICATION, DISTRIBUTION, ETC. (IMPRINT) | |
| Date of publication, distribution, etc. | 1982 |
| 300 ## - PHYSICAL DESCRIPTION | |
| Extent | 267 |
| 650 ## - SUBJECT ADDED ENTRY--TOPICAL TERM | |
| Topical term or geographic name as entry element | Plant Breeding methods/ Hybridisation / Ploidy Breeding / Mutation breeding / Seed Production / Heterosis Breeding |
| 942 ## - ADDED ENTRY ELEMENTS (KOHA) | |
| Koha item type | Books (General) |
| Withdrawn status | Lost status | Damaged status | Not for loan | Home library | Current library | Date acquired | Total Checkouts | Full call number | Barcode | Date last seen | Price effective from | Koha item type | Date checked out |
|---|---|---|---|---|---|---|---|---|---|---|---|---|---|
| College of Agriculture, Vellayani | College of Agriculture, Vellayani | 02/05/2014 | 631.53 CHA | KAU_COAV-24142 | 02/05/2014 | 02/05/2014 | Books (General) | ||||||
| College of Agriculture, Vellayani | College of Agriculture, Vellayani | 02/05/2014 | 631.53 CHA | KAU_COAV-24143 | 02/05/2014 | 02/05/2014 | Books (General) | ||||||
| College of Agriculture, Vellayani | College of Agriculture, Vellayani | 02/05/2014 | 3 | 631.53 CHA | KAU_COAV-24144 | 06/08/2018 | 02/05/2014 | Books (General) | 15/05/2018 | ||||
| College of Agriculture, Vellayani | College of Agriculture, Vellayani | 02/05/2014 | 631.53 CHA | KAU_COAV-24282 | 02/05/2014 | 02/05/2014 | Books (General) | ||||||
| College of Agriculture, Vellayani | College of Agriculture, Vellayani | 02/05/2014 | 5 | 631.53 CHA | KAU_COAV-24284 | 30/07/2024 | 02/05/2014 | Books (General) | 23/07/2024 | ||||
| College of Agriculture, Vellayani | College of Agriculture, Vellayani | 02/05/2014 | 631.53 CHA | KAU_COAV-24286 | 02/05/2014 | 02/05/2014 | Books (General) |
